[Event "Swiss Queens Wed #13"]
[Site "FIDE Online Arena INT"]
[Date "2024.04.24"]
[Round "5"]
[White "Bubnova, Uliana"]
[Black "Kanyamarala, Trisha"]
[Result "1-0"]
[WhiteElo "1844"]
[BlackElo "2285"]
[PlyCount "95"]
[EventDate "2024.04.24"]
[EventType "swiss (blitz)"]
[EventRounds "11"]
[EventCountry "NET"]
[SourceTitle "CB18_2024"]
[SourceDate "2024.05.01"]
[SourceVersion "1"]
[SourceVersionDate "2024.05.01"]
[SourceQuality "2"]

1. e4 c5 2. Nc3 Nc6 3. f4 e6 4. Bc4 Nge7 5. Nf3 d5 6. exd5 exd5 7. Bb5 a6 8. Bxc6+ Nxc6 9. d4 cxd4 10. Nxd4 Be7 11. 0-0 0-0 12. Kh1 Bf6 13. Nde2 Re8 14. Qd3 Nb4 15. Qd2 Bf5 16. Ng3 Bg4 17. h3 Be6 18. f5 Bc8 19. a3 d4 20. Nce4 Nd5 21. Qd3 Be5 22. Bg5 f6 23. Bd2 Bd7 24. c4 Ne7 25. Bf4 Nc6 26. Bxe5 fxe5 27. f6 Rf8 28. fxg7 Kxg7 29. Nh5+ Kh8 30. Qg3 Rg8 31. Qf3 Qh4 32. Nhf6 Raf8 33. Qe2 Be6 34. Nxg8 Rxg8 35. Qf2 Qxe4 36. Qf6+ Rg7 37. Rf2 Bg8 38. Raf1 d3 39. Qf8 Qxc4 40. Qf6 d2 41. Rxd2 Nd4 42. Rdf2 e4 43. Qe5 Nc6 44. Rf8 e3 45. Qxe3 Qd5 46. Qf2 Ne5 47. Rf5 Qe6 48. Rf6 1-0

[Event "Swiss Queens Wed #13"]
[Site "FIDE Online Arena INT"]
[Date "2024.04.24"]
[Round "9"]
[White "Kanyamarala, Trisha"]
[Black "Tokhirjonova, Gulruhbegim"]
[Result "0-1"]
[WhiteElo "2285"]
[BlackElo "2357"]
[PlyCount "110"]
[EventDate "2024.04.24"]
[EventType "swiss (blitz)"]
[EventRounds "11"]
[EventCountry "NET"]
[SourceTitle "CB18_2024"]
[SourceDate "2024.05.01"]
[SourceVersion "1"]
[SourceVersionDate "2024.05.01"]
[SourceQuality "2"]

1. c4 e5 2. Nc3 Nf6 3. e3 Nc6 4. Qb3 Bc5 5. a3 0-0 6. d3 Re8 7. Nf3 a5 8. Be2 d6 9. 0-0 e4 10. dxe4 Nxe4 11. Nxe4 Rxe4 12. Qc2 Re8 13. Bd3 h6 14. h3 Qf6 15. Be4 Qe7 16. Bd3 Ne5 17. Nxe5 dxe5 18. Be4 Qg5 19. Kh1 f5 20. Bd5+ Kh8 21. f4 Qf6 22. fxe5 Qxe5 23. e4 c6 24. Bf7 Qxe4 25. Qc3 Rf8 26. Bg6 Bd4 27. Qg3 Be5 28. Bf4 Bxf4 29. Rxf4 Qc2 30. Raf1 Qxb2 31. Rh4 Qf6 32. Rhf4 Be6 33. Kh2 Qg5 34. Qxg5 hxg5 35. Rd4 Rad8 36. Rfd1 Rxd4 37. Rxd4 f4 38. Re4 Bf5 39. Bxf5 Rxf5 40. Re7 b5 41. cxb5 cxb5 42. Ra7 a4 43. Rb7 Kh7 44. Kg1 Re5 45. Kf2 Kg6 46. Kf3 Re3+ 47. Kf2 Rb3 48. Rb6+ Kf5 49. Rb7 g6 50. Rb6 Ke4 51. Rxg6 Rxa3 52. Rxg5 Ra2+ 53. Kf1 Rb2 54. Rc5 a3 55. Rc3 a2 0-1

[Event "Swiss Queens Wed #13"]
[Site "FIDE Online Arena INT"]
[Date "2024.04.24"]
[Round "1"]
[White "Kanyamarala, Trisha"]
[Black "Vidruska, Renate"]
[Result "0-1"]
[WhiteElo "2285"]
[BlackElo "1978"]
[PlyCount "54"]
[EventDate "2024.04.24"]
[EventType "swiss (blitz)"]
[EventRounds "11"]
[EventCountry "NET"]
[SourceTitle "CB18_2024"]
[SourceDate "2024.05.01"]
[SourceVersion "1"]
[SourceVersionDate "2024.05.01"]
[SourceQuality "2"]

1. c4 c5 2. Nc3 Nc6 3. e4 d6 4. d3 g6 5. g3 Bg7 6. Bg2 e5 7. Nge2 Nge7 8. 0-0 0-0 9. Be3 a6 10. a3 Rb8 11. Rb1 b5 12. cxb5 axb5 13. b4 cxb4 14. axb4 Be6 15. d4 d5 16. exd5 Nxd5 17. Nxd5 Bxd5 18. dxe5 Bxg2 19. Kxg2 Nxe5 20. Bc5 Re8 21. Nf4 Qc7 22. Nd5 Qb7 23. Kg1 Rbd8 24. Ne7+ Kh8 25. Qb3 Nf3+ 26. Kh1 Nd2+ 27. Qd5 Rxd5 0-1

[Event "Swiss Queens Wed #13"]
[Site "FIDE Online Arena INT"]
[Date "2024.04.24"]
[Round "10"]
[White "Luong, Phuong Hanh"]
[Black "Kanyamarala, Trisha"]
[Result "1-0"]
[WhiteElo "2052"]
[BlackElo "2285"]
[PlyCount "117"]
[EventDate "2024.04.24"]
[EventType "swiss (blitz)"]
[EventRounds "11"]
[EventCountry "NET"]
[SourceTitle "CB18_2024"]
[SourceDate "2024.05.01"]
[SourceVersion "1"]
[SourceVersionDate "2024.05.01"]
[SourceQuality "2"]

1. d4 Nf6 2. Nf3 d5 3. c4 e6 4. g3 dxc4 5. Bg2 Nc6 6. Qa4 Bb4+ 7. Bd2 Nd5 8. Bxb4 Ndxb4 9. Ne5 0-0 10. Nxc6 Nxc6 11. e3 e5 12. d5 Ne7 13. Qxc4 c6 14. dxc6 Nxc6 15. 0-0 Be6 16. Qe2 Rc8 17. Nc3 Qe7 18. Rac1 Rfd8 19. h4 Nb4 20. a3 Bc4 21. Qg4 Bxf1 22. Bxf1 Nc6 23. Bg2 Qd7 24. Qxd7 Rxd7 25. Bh3 Rcd8 26. Bxd7 Rxd7 27. Ne4 Kf8 28. Nc5 Rc7 29. b4 Nd8 30. Rd1 Ke7 31. Rd5 f6 32. f4 b6 33. Na6 Rc1+ 34. Kf2 exf4 35. gxf4 Ra1 36. Rd3 Ne6 37. Nb8 Rc1 38. Rd7+ Ke8 39. Rxa7 Rc2+ 40. Kf3 Rc8 41. Nd7 b5 42. Nb6 Rc6 43. Nd5 Rd6 44. e4 Nd4+ 45. Kg4 Kf8 46. f5 g6 47. Rxh7 gxf5+ 48. Kf4 fxe4 49. Kxe4 Nb3 50. Nf4 Nd2+ 51. Kf5 Nc4 52. Ne6+ Kg8 53. Rg7+ Kh8 54. Re7 Ne3+ 55. Kxf6 Nd5+ 56. Ke5 Nxe7 57. Kxd6 Nf5+ 58. Kc5 Ne3 59. Kxb5 1-0

[Event "Sheffield"]
[Site "Sheffield"]
[Date "2024.04.12"]
[Round "4"]
[White "Kanyamarala, Trisha"]
[Black "Wall, Tim"]
[Result "0-1"]
[WhiteElo "2285"]
[BlackElo "2197"]
[PlyCount "90"]
[EventDate "2024.04.10"]
[EventType "tourn"]
[EventRounds "9"]
[EventCountry "ENG"]
[EventCategory "2"]
[SourceTitle "CB16_2024"]
[SourceDate "2024.04.17"]
[SourceVersion "1"]
[SourceVersionDate "2024.04.17"]
[SourceQuality "1"]

1. d4 g6 2. c4 Bg7 3. Nf3 c5 4. d5 f5 5. g3 Nf6 6. Nc3 d6 7. Bg2 0-0 8. 0-0 Na6 9. Rb1 h6 10. a3 Qe8 11. e4 fxe4 12. Nd2 e3 13. fxe3 g5 14. Nde4 Ng4 15. Nf2 Ne5 16. Qe2 g4 17. Nd3 Rxf1+ 18. Qxf1 Nxc4 19. Nxc5 Nxc5 20. Qxc4 Qg6 21. e4 Bd7 22. Be3 Rc8 23. Ne2 b5 24. Qb4 Nd3 25. Qd2 Ne5 26. Nf4 Qh7 27. Qe2 a5 28. Rc1 Nc4 29. b3 Nxa3 30. Rxc8+ Bxc8 31. Qa2 b4 32. Bb6 Bc3 33. Bxa5 e5 34. dxe6 Qa7+ 35. Kh1 Qxa5 36. Qe2 Qg5 37. Qd3 Qe5 38. Qd1 Bxe6 39. Qf1 Bf7 40. Qa6 h5 41. Qa8+ Kg7 42. h3 h4 43. hxg4 hxg3 44. Nd3 Qg5 45. Qb7 Bd4 0-1

[Event "Swiss Queens Wed #7"]
[Site "FIDE Online Arena INT"]
[Date "2024.03.13"]
[Round "5"]
[White "Kanyamarala, Trisha"]
[Black "Mikhaylova, Irina"]
[Result "1-0"]
[WhiteElo "2294"]
[BlackElo "2169"]
[PlyCount "113"]
[EventDate "2024.03.13"]
[EventType "swiss (blitz)"]
[EventRounds "11"]
[EventCountry "NET"]
[SourceTitle "CB12_2024"]
[SourceDate "2023.10.01"]
[SourceVersion "1"]
[SourceVersionDate "2023.10.01"]
[SourceQuality "1"]

1. c4 Nf6 2. Nc3 d5 3. cxd5 Nxd5 4. e4 Nxc3 5. bxc3 c5 6. d4 g6 7. Nf3 Bg7 8. Be2 0-0 9. 0-0 cxd4 10. cxd4 Nc6 11. Be3 e6 12. Rb1 b6 13. Qa4 Bb7 14. Rfd1 Na5 15. Bd3 Rc8 16. Rbc1 Qd6 17. Qb5 Rfd8 18. Bg5 Re8 19. Bd2 Nc6 20. Be3 Nb4 21. Bb1 Bc6 22. Qe2 a5 23. a3 Na2 24. Qxa2 Ba4 25. Bc2 Bb5 26. Re1 Red8 27. Qb3 Bc6 28. Qxb6 a4 29. Qc5 Qd7 30. Qg5 h6 31. Qg3 g5 32. Ne5 Qb7 33. Nxc6 Rxc6 34. Bd3 Rdc8 35. Rxc6 Qxc6 36. h4 gxh4 37. Qxh4 Qc3 38. Rd1 Qb3 39. Qg4 h5 40. Qf3 Rc3 41. Qe2 Qxa3 42. Rb1 Rb3 43. Rc1 Rc3 44. Rd1 Rb3 45. d5 exd5 46. exd5 Qd6 47. Bc4 Rb2 48. Qf3 Qf6 49. Qxf6 Bxf6 50. d6 a3 51. d7 Bd8 52. Ra1 Be7 53. Rxa3 Bd8 54. Ra8 Rb1+ 55. Kh2 Kg7 56. Rxd8 Rd1 57. Bb5 1-0

[Event "Swiss Queens Wed #7"]
[Site "FIDE Online Arena INT"]
[Date "2024.03.13"]
[Round "2"]
[White "Osmak, Iulija"]
[Black "Kanyamarala, Trisha"]
[Result "0-1"]
[WhiteElo "2452"]
[BlackElo "2294"]
[PlyCount "76"]
[EventDate "2024.03.13"]
[EventType "swiss (blitz)"]
[EventRounds "11"]
[EventCountry "NET"]
[SourceTitle "CB12_2024"]
[SourceDate "2023.10.01"]
[SourceVersion "1"]
[SourceVersionDate "2023.10.01"]
[SourceQuality "1"]

1. e4 c5 2. Nf3 d6 3. Bb5+ Bd7 4. Bxd7+ Nxd7 5. 0-0 Ngf6 6. Re1 e6 7. c4 Be7 8. Nc3 0-0 9. d4 cxd4 10. Qxd4 a6 11. b3 Rc8 12. Bb2 Ne5 13. Nxe5 dxe5 14. Qxe5 Bd6 15. Qg5 h6 16. Qh4 g5 17. Qh3 Be5 18. Na4 Bxb2 19. Nxb2 Kg7 20. e5 Ng8 21. Rad1 Qa5 22. a4 Ne7 23. Nd3 Nf5 24. Qf3 Rcd8 25. g4 Nh4 26. Qf6+ Kh7 27. Re3 Rd4 28. Qe7 Kg8 29. h3 Rfd8 30. Qxb7 Qc3 31. Qxa6 Rxd3 32. Rexd3 Rxd3 33. Rxd3 Qxd3 34. Qa8+ Kg7 35. Qb7 Qd1+ 36. Kh2 Qe2 37. Kg3 Qf1 38. f4 Qxf4# 0-1

[Event "Swiss Queens Wed #5"]
[Site "FIDE Online Arena INT"]
[Date "2024.02.28"]
[Round "10"]
[White "Aliaga Fernandez, Ingrid Yadira"]
[Black "Kanyamarala, Trisha"]
[Result "0-1"]
[WhiteElo "2147"]
[BlackElo "2243"]
[PlyCount "62"]
[EventDate "2024.02.28"]
[EventType "swiss (blitz)"]
[EventRounds "11"]
[EventCountry "NET"]
[SourceTitle "CB10_2024"]
[SourceDate "2024.03.06"]
[SourceVersion "1"]
[SourceVersionDate "2024.03.06"]
[SourceQuality "1"]

1. e4 c5 2. Nf3 d6 3. d4 cxd4 4. Nxd4 Nf6 5. Nc3 Nc6 6. Be2 e5 7. Nb3 h6 8. 0-0 Be7 9. f4 0-0 10. f5 b6 11. Be3 Bb7 12. Bf3 Na5 13. Nxa5 bxa5 14. Qd2 d5 15. exd5 Bb4 16. a3 Bxc3 17. Qxc3 Nxd5 18. Qe1 Nxe3 19. Qxe3 Bxf3 20. Rxf3 Qf6 21. Re1 Rfe8 22. b3 Rac8 23. Re2 e4 24. Rf1 a6 25. Rd1 Qxf5 26. h3 Qf6 27. Rd4 Rcd8 28. Rxd8 Qxd8 29. Qxe4 Rxe4 30. Rxe4 Qd1+ 31. Kh2 Qxc2 0-1

[Event "Titled Tuesday intern op 27th Feb Late"]
[Site "Chess.com INT"]
[Date "2024.02.27"]
[Round "5"]
[White "Cardozo Munar, Carlos Eduardo"]
[Black "Kanyamarala, Trisha"]
[Result "0-1"]
[WhiteElo "2043"]
[BlackElo "2243"]
[PlyCount "76"]
[EventDate "2024.02.27"]
[EventType "swiss (blitz)"]
[EventRounds "11"]
[EventCountry "USA"]
[SourceTitle "CB10_2024"]
[SourceDate "2024.03.06"]
[SourceVersion "1"]
[SourceVersionDate "2024.03.06"]
[SourceQuality "1"]

1. e4 c5 2. Nf3 d6 3. g3 Nf6 4. d3 Nc6 5. Bg2 g6 6. 0-0 Bg7 7. Nbd2 0-0 8. c3 Qb6 9. Re1 e5 10. a3 a5 11. Qe2 Be6 12. h4 Bg4 13. Nf1 d5 14. Ne3 Be6 15. Ng5 d4 16. cxd4 Nxd4 17. Qd1 Bb3 18. Qd2 Rfd8 19. Qc3 a4 20. Nc4 Qc7 21. Be3 b5 22. Nd2 Qd6 23. Nxb3 Nxb3 24. Rad1 b4 25. Qc4 Rac8 26. Nf3 Qe6 27. Qb5 bxa3 28. bxa3 Ra8 29. Bxc5 Rdb8 30. Qc4 Qxc4 31. dxc4 Nxc5 32. Nxe5 Re8 33. Nc6 Rac8 34. e5 Nh5 35. Bd5 Bf8 36. Re2 Ne6 37. Rde1 Nhg7 38. Nb4 Nf5 0-1

[Event "Kragero op"]
[Site "Kragero"]
[Date "2024.02.24"]
[Round "8"]
[White "Kanyamarala, Trisha"]
[Black "Reimanis, Ritvars"]
[Result "1/2-1/2"]
[WhiteElo "2243"]
[BlackElo "2351"]
[PlyCount "50"]
[EventDate "2024.02.21"]
[EventType "swiss"]
[EventRounds "9"]
[EventCountry "NOR"]
[SourceTitle "CB09_2024"]
[SourceDate "2024.02.28"]
[SourceVersion "1"]
[SourceVersionDate "2024.02.28"]
[SourceQuality "1"]

1. d4 Nf6 2. c4 e6 3. Nf3 d5 4. Nc3 Nbd7 5. Bf4 Bb4 6. cxd5 exd5 7. e3 c5 8. Bd3 0-0 9. 0-0 c4 10. Bf5 g6 11. Bh3 Bxc3 12. bxc3 Ne4 13. Qc2 g5 14. Bxd7 Bxd7 15. Bg3 h5 16. h3 Qa5 17. Rac1 Qa3 18. Ne5 Bf5 19. Qe2 f6 20. Qxh5 Kg7 21. h4 Qe7 22. hxg5 Rh8 23. Qf3 Qe6 24. gxf6+ Nxf6 25. Qf4 Rh5 1/2-1/2

[Event "Kragero op"]
[Site "Kragero"]
[Date "2024.02.21"]
[Round "2"]
[White "Kanyamarala, Trisha"]
[Black "Kvaloy, Aksel Bu"]
[Result "0-1"]
[WhiteElo "2243"]
[BlackElo "2443"]
[PlyCount "86"]
[EventDate "2024.02.21"]
[EventType "swiss"]
[EventRounds "9"]
[EventCountry "NOR"]
[SourceTitle "CB09_2024"]
[SourceDate "2024.02.28"]
[SourceVersion "1"]
[SourceVersionDate "2024.02.28"]
[SourceQuality "1"]

1. d4 Nf6 2. c4 e6 3. Nf3 d5 4. Nc3 Nbd7 5. cxd5 exd5 6. Bg5 Bb4 7. e3 c5 8. a3 Bxc3+ 9. bxc3 Qa5 10. Qb3 Ne4 11. Rc1 cxd4 12. exd4 0-0 13. Be3 Nb6 14. Bd3 Bf5 15. 0-0 Ng3 16. Bxf5 Nxf5 17. Bf4 Qa6 18. Ne5 Rfe8 19. Rfe1 f6 20. Nf3 Qd3 21. Red1 Qc4 22. Qb1 g6 23. h3 Rac8 24. Rd2 Qc6 25. Rb2 Re7 26. Rb5 Na4 27. Rb3 a6 28. g4 Ng7 29. Kg2 b5 30. Nd2 Ne6 31. Be3 Rce8 32. h4 Nec5 33. Rb4 Ne4 34. Nf1 Qd7 35. f3 Nexc3 36. Qa1 Rxe3 37. Nxe3 Rxe3 38. Rc2 Qe6 39. Qf1 Re1 40. Qf2 Nd1 41. Rc8+ Kf7 42. Rc7+ Ke8 43. Qg3 Qe2+ 0-1